| 000 | 01611cam a2200289 a 4500 | ||
|---|---|---|---|
| 005 | 20091121122244.0 | ||
| 008 | 000504s2000 nik 000 0 eng d | ||
| 010 | _aENG-95538-41 | ||
| 020 |
_a9788131306154 (Set of 4 Vols.) _c2800.00 (V. I , II, III, & IV) |
||
| 035 | _aEN-79071-74 | ||
| 037 | _bDBAD/PUB | ||
| 040 | _aDPL | ||
| 100 | _aMishra, R, C. | ||
| 245 |
_aEncyclopaedia of educational psychology _cby R.C. Mishra |
||
| 260 |
_aNew Delhi _bAPH. Publishing corporation _c2009 |
||
| 270 |
_a4435-36/7 Ansari Road, Darya Ganj _bNew Delhi _e110002 |
||
| 300 |
_a4v (279p. ; 279p. ; 286 p. ; 275p. ) _c22 cm.(Hb) |
||
| 500 | _aIt is a set of 4 vols. and set price is Rs. 2800.00 | ||
| 505 | _aV.- I. Educational Psychology. - V.II Advanced educational Psychology. - V.III Developmental Psychology. - V. IV Child Psychology | ||
| 942 |
_2ddc _cEN _mMIS |
||
| 999 |
_c32019 _d32019 |
||